[Event "TCh-CHN 2017"]
[Site "China CHN"]
[Date "2017.05.24"]
[Round "6.6"]
[Board "4"]
[White "Yang, Yijing"]
[Black "Guo, Qi"]
[Result "1/2-1/2"]
[WhiteTitle "WCM"]
[BlackTitle "IM"]
[WhiteElo "2031"]
[BlackElo "2396"]
[WhiteTeam "Hebei"]
[BlackTeam "Jiangsu"]
[WhiteFideId "8608601"]
[BlackFideId "8604002"]
[EventDate "2017.04.18"]

1. d4 Nf6 2. c4 e6 3. Nf3 b6 4. g3 Bb4+ 5. Bd2 Be7 6. Bg2 c6 7. O-O d5 8. b3 O-O
9. Bc3 Bb7 10. Nbd2 Nbd7 11. Re1 c5 12. Rc1 Rc8 13. Bb2 dxc4 14. Nxc4 b5 15.
Nce5 Nxe5 16. Nxe5 Bxg2 17. Kxg2 Qd5+ 18. Kg1 Qb7 19. dxc5 Bxc5 20. Nd3 Be7 21.
e3 Rxc1 22. Qxc1 Rc8 23. Qd1 Ne4 24. h4 f5 25. Qe2 b4 26. Bd4 Bd6 27. Kh2 Rc6
28. Be5 Qc7 29. Bxd6 Qxd6 30. Rc1 Nc3 31. Qf3 a5 32. Ne5 Rc8 33. Qb7 Qc7 34. Qa6
Re8 35. Nc4 a4 36. bxa4 Nxa2 37. Rb1 Qc5 38. Qb5 Rc8 39. Rb2 Qxb5 40. axb5 Rxc4
41. Rxa2 b3 42. Rb2 Rb4 43. Kg2 Rxb5 44. Kf3 Kf7 45. Ke2 Kf6 46. Kd2 Ke5 47. f3
h6 48. Kd3 g5 49. f4+ Kf6 50. hxg5+ hxg5 51. Kc4 Rd5 52. Rxb3 Rd2 53. Rb6 Rg2
54. fxg5+ Ke5 55. Kd3 Rxg3 56. Rb5+ Kd6 57. Ke2 Rg2+ 58. Kf3 Rxg5 59. Rb6+ Ke5
60. Rb5+ Kf6 61. Rb6 Rh5 62. Rb8 Rh3+ 63. Kf2 e5 64. Rf8+ Ke6 65. Re8+ Kd5 66.
Ra8 Rh2+ 67. Kf3 e4+ 68. Kg3 Re2 69. Ra5+ Ke6 70. Ra3 Kd6 71. Kf4 Rf2+ 72. Kg5
Rf3 73. Ra5 Ke6 74. Ra6+ Kd5 75. Ra5+ Kc4 76. Rxf5 Kd3 77. Ra5 Kxe3 78. Kg4 Rf2
79. Ra3+ Ke2 80. Ra2+ Kf1 81. Ra1+ Ke2 82. Ra2+ Ke3 83. Ra3+ Kd4 84. Ra4+ Kd5
85. Ra5+ Kd6 86. Ra6+ Kc5 87. Ra5+ Kc4 88. Ra4+ Kd3 89. Ra3+ Kd4 1/2-1/2

[Event "TCh-CHN 2017"]
[Site "China CHN"]
[Date "2017.05.24"]
[Round "6.6"]
[Board "5"]
[White "Zhai, Mo"]
[Black "Yuan, Ye"]
[Result "1-0"]
[WhiteTitle "WGM"]
[WhiteElo "2302"]
[BlackElo "2159"]
[WhiteTeam "Hebei"]
[BlackTeam "Jiangsu"]
[WhiteFideId "8600201"]
[BlackFideId "8608415"]
[EventDate "2017.04.18"]

1. d4 d5 2. c4 e6 3. cxd5 exd5 4. Nc3 c6 5. Bf4 Nf6 6. e3 Bf5 7. Nge2 Bd6 8.
Bxd6 Qxd6 9. Ng3 Bg6 10. Bd3 Bxd3 11. Qxd3 O-O 12. O-O Nbd7 13. f3 Rad8 14. Rad1
Rfe8 15. Kh1 Qe6 16. Rfe1 Nf8 17. e4 dxe4 18. fxe4 Ng6 19. Qf3 Nh4 20. Qf4 Ng6
21. Qf1 Qg4 22. e5 Nd5 23. Nge4 Re6 24. Rd3 Ndf4 25. Rg3 Qh4 26. Rf3 Qh6 27. Nd6
f6 28. g3 Nd5 29. Nxd5 cxd5 30. Rf2 b6 31. Rc1 Qe3 32. Rc7 Ne7 33. Rxa7 Qxd4 34.
exf6 gxf6 35. Nb5 Qe4+ 36. Kg1 f5 37. Ra3 Rc8 38. Rf4 Qe5 39. Nd4 Rf6 40. Qf2
Rcf8 41. Re3 Qd6 42. Ref3 Qe5 43. Kg2 h5 44. Rh4 Rh6 45. Re3 Qd6 46. Qf4 Ng6 47.
Qg5 Kh7 48. Rxh5 Nf4+ 49. gxf4 Rg8 50. Nxf5 Rxg5+ 51. fxg5 Qd7 52. Rxh6+ Kg8 53.
Rg6+ Kf8 54. Rf6+ Kg8 55. Re7 1-0

[Event "TCh-CHN 2017"]
[Site "China CHN"]
[Date "2017.05.25"]
[Round "7.1"]
[Board "1"]
[White "Peng, Hongchi"]
[Black "Yu, Yangyi"]
[Result "0-1"]
[BlackTitle "GM"]
[WhiteElo "2221"]
[BlackElo "2751"]
[WhiteTeam "Hebei"]
[BlackTeam "Beijing"]
[WhiteFideId "8609047"]
[BlackFideId "8603820"]
[EventDate "2017.04.18"]

1. d4 Nf6 2. c4 e6 3. Nf3 a6 4. Nc3 d5 5. e3 Nbd7 6. Bd2 b6 7. Ne5 Bb7 8. Nxd7
Qxd7 9. cxd5 exd5 10. Qc2 Bd6 11. h3 c5 12. dxc5 bxc5 13. Bd3 O-O 14. Ne2 g6 15.
Bc3 Qe7 16. Qa4 d4 17. exd4 Bxg2 18. dxc5 Bxc5 19. Rg1 Be4 20. Bc4 Bf5 21. b4
Ne4 22. bxc5 Nxc3 23. Qa3 Nxe2 24. Bxe2 Rfe8 25. Qe3 Qf6 0-1

[Event "TCh-CHN 2017"]
[Site "China CHN"]
[Date "2017.05.25"]
[Round "7.1"]
[Board "2"]
[White "Peng, Xiongjian"]
[Black "Fang, Yan"]
[Result "0-1"]
[WhiteElo "2410"]
[BlackElo "2426"]
[WhiteTeam "Hebei"]
[BlackTeam "Beijing"]
[WhiteFideId "8610550"]
[BlackFideId "8604746"]
[EventDate "2017.04.18"]

1. e4 c5 2. Nf3 e6 3. d4 cxd4 4. Nxd4 a6 5. Bd3 Qc7 6. O-O Nf6 7. Qe2 d6 8. c4
g6 9. Nc3 Bg7 10. h3 O-O 11. Be3 b6 12. Rac1 Bb7 13. Rfd1 Nbd7 14. Nf3 Rac8 15.
b3 Qb8 16. Bb1 Rfd8 17. Bg5 Re8 18. Qd2 Nc5 19. Qf4 e5 20. Qe3 Bc6 21. b4 Ne6
22. Bh6 b5 23. Bxg7 Kxg7 24. cxb5 axb5 25. Bc2 Nf4 26. Bb3 h6 27. Rc2 Re7 28.
Rcd2 Ba8 29. Nd5 Bxd5 30. Bxd5 N4xd5 31. exd5 Qa7 32. Qe2 Rc4 33. a4 Qxa4 34.
Nd4 Rxd4 0-1

[Event "TCh-CHN 2017"]
[Site "China CHN"]
[Date "2017.05.25"]
[Round "7.1"]
[Board "3"]
[White "Wan, Yunguo"]
[Black "Wang, Yiye"]
[Result "0-1"]
[WhiteTitle "GM"]
[BlackTitle "IM"]
[WhiteElo "2486"]
[BlackElo "2435"]
[WhiteTeam "Hebei"]
[BlackTeam "Beijing"]
[WhiteFideId "8603189"]
[BlackFideId "8606021"]
[EventDate "2017.04.18"]

1. e4 e6 2. d4 d5 3. Nc3 dxe4 4. Nxe4 Nd7 5. Nf3 Ngf6 6. Bd3 Be7 7. Nxf6+ Nxf6
8. Be3 b6 9. Qe2 Bb7 10. O-O-O O-O 11. Ne5 c5 12. dxc5 Qc7 13. c6 Bxc6 14. Nxc6
Qxc6 15. Kb1 Rac8 16. Bd4 Rfd8 17. c3 Qxg2 18. h4 Qg4 19. f3 Qh5 20. Rdg1 Ne8
21. Bc2 Kf8 22. Qe3 Bf6 23. Bxf6 gxf6 24. f4 Nd6 25. f5 Nxf5 26. Qf4 Ke7 27. Rf1
Qh6 28. Qa4 Ng3 29. Qxa7+ Rd7 30. Qa3+ Rc5 31. Qb4 Nxh1 32. Qxb6 Qe3 33. Rxh1
Rxc3 34. Qb4+ Rc5 35. Re1 Qf2 36. Bb3 Qd4 37. Qa3 Rd6 38. Qa7+ Kf8 39. Qa8+ Rd8
40. Qg2 Qd2 41. Qg1 Qd4 42. Qh1 Qd3+ 43. Ka1 Rdc8 44. Qg1 Qg3 0-1

[Event "TCh-CHN 2017"]
[Site "China CHN"]
[Date "2017.05.25"]
[Round "7.1"]
[Board "4"]
[White "Jiang, Zhaoyi"]
[Black "Wang, Doudou"]
[Result "1/2-1/2"]
[WhiteTitle "WCM"]
[BlackTitle "WIM"]
[WhiteElo "2019"]
[BlackElo "2191"]
[WhiteTeam "Beijing"]
[BlackTeam "Hebei"]
[WhiteFideId "8611050"]
[BlackFideId "8603197"]
[EventDate "2017.04.18"]

1. d4 Nf6 2. c4 e6 3. Nc3 d5 4. Nf3 c6 5. g3 Nbd7 6. Bg2 Bd6 7. O-O O-O 8. b3
Qe7 9. Bb2 b6 10. Nd2 Bb7 11. e4 dxe4 12. Ncxe4 Ba3 13. Bc3 Bb4 14. Bb2 Ba3 15.
Bc3 b5 16. Rb1 Nxe4 17. Bxe4 Nf6 18. Bg2 Bd6 19. a4 Rad8 20. Qe2 a6 21. Rfe1 b4
22. Bb2 a5 23. Ne4 Nxe4 24. Qxe4 Qd7 25. Rbd1 Rfe8 26. Qe2 Qc7 27. Qc2 Be7 28.
Rd3 Bf6 29. Red1 Qe7 30. Re1 Qc7 31. Red1 Qe7 32. Re1 Qc7 33. Red1 Qe7 1/2-1/2

[Event "TCh-CHN 2017"]
[Site "China CHN"]
[Date "2017.05.25"]
[Round "7.1"]
[Board "5"]
[White "Wang, Jue"]
[Black "Zhai, Mo"]
[Result "1/2-1/2"]
[WhiteTitle "WGM"]
[BlackTitle "WGM"]
[WhiteElo "2359"]
[BlackElo "2302"]
[WhiteTeam "Beijing"]
[BlackTeam "Hebei"]
[WhiteFideId "8604070"]
[BlackFideId "8600201"]
[EventDate "2017.04.18"]

1. e4 e6 2. d4 d5 3. Nc3 Nf6 4. e5 Nfd7 5. f4 c5 6. Nf3 Be7 7. Be3 b6 8. Qd2 a5
9. Be2 Ba6 10. O-O Bxe2 11. Nxe2 Nc6 12. c4 cxd4 13. Nexd4 Bb4 14. Qe2 Nxd4 15.
Nxd4 dxc4 16. Qxc4 Qc8 17. Qb5 Bc5 18. Rad1 Qa6 19. Qxa6 Rxa6 20. Kf2 Bxd4 21.
Rxd4 Ke7 22. Rc1 Ra7 23. Rc6 Rb7 24. Rdd6 Rhb8 25. Kf3 b5 26. Bf2 Ra8 27. Ke4 h5
28. h3 a4 29. g4 hxg4 30. Bh4+ Ke8 31. hxg4 b4 32. f5 Nf8 33. Rb6 Rbb8 34. Be1
Nd7 35. Rxb4 Rxb4+ 36. Bxb4 Rb8 37. a3 Rb5 38. Bc3 Ke7 39. Rc6 Rd5 40. g5 Rb5
41. f6+ gxf6 42. gxf6+ Kd8 43. Rd6 Kc7 44. Rd2 Nb6 45. Rh2 Rd5 46. Rh8 Kc6 47.
Bd4 Nc4 48. Rc8+ Kb5 49. Rb8+ Kc6 50. Rb4 Nd2+ 51. Ke3 Nb3 52. Bc3 Nc5 53. Rc4
Kb5 54. Rh4 Nd3 55. Rh5 Kc4 56. Rh7 Nxe5 57. Rh4+ Kb5 58. Rb4+ Kc5 59. Rxa4 Nc4+
60. Ke2 Rh5 61. Kd3 Rh3+ 62. Kc2 Ne3+ 63. Kb1 Nd5 64. Be5 Kb5 65. Ra7 Rh5 66.
Bd6 Nxf6 67. Rxf7 Nd5 68. Kc2 Rh3 69. Rf2 Kc4 70. Re2 Ne3+ 71. Kd2 Nf5 72. Be5
Rd3+ 73. Ke1 Kd5 74. Kf2 Nh4 75. Bc3 Rf3+ 76. Ke1 Ng6 77. Kd2 e5 78. Re3 Rf2+
79. Re2 Rf3 80. a4 e4 81. a5 Nf4 82. Re3 Rf2+ 83. Kc1 Nd3+ 84. Kb1 Rf3 85. Re2
Rf1+ 86. Kc2 Nf4 87. Rd2+ Kc6 88. a6 e3 89. Rd4 Nd5 90. Re4 Ra1 91. Bd4 Rxa6 92.
Re6+ Kb5 93. Rxa6 Kxa6 94. Kd3 Kb5 95. Bxe3 Nxe3 96. Kxe3 Kb4 97. Ke4 1/2-1/2

[Event "TCh-CHN 2017"]
[Site "China CHN"]
[Date "2017.05.25"]
[Round "7.2"]
[Board "1"]
[White "Bu, Xiangzhi"]
[Black "Lin, Chen"]
[Result "1-0"]
[WhiteTitle "GM"]
[BlackTitle "GM"]
[WhiteElo "2730"]
[BlackElo "2477"]
[WhiteTeam "Shandong"]
[BlackTeam "Jiangsu"]
[WhiteFideId "8601445"]
[BlackFideId "8602298"]
[EventDate "2017.04.18"]

1. d4 Nf6 2. Nf3 g6 3. c4 Bg7 4. g3 O-O 5. Bg2 d6 6. O-O Nc6 7. Nc3 Bg4 8. Qd2
Nd7 9. d5 Bxf3 10. exf3 Nd4 11. f4 c5 12. dxc6 bxc6 13. b3 Nc5 14. Bb2 Rb8 15.
Rfe1 a5 16. Rad1 Qc7 17. h4 h5 18. Ne4 Nce6 19. Bc3 a4 20. b4 Qa7 21. Qd3 Rfd8
22. a3 Nf5 23. Bh3 d5 24. cxd5 cxd5 25. Nd2 Bxc3 26. Bxf5 Ng7 27. Bxg6 Bxd2 28.
Bh7+ Kh8 29. Rxd2 e6 30. Qb1 f5 31. Bg6 Rbc8 32. Rd3 Rc4 33. Qb2 d4 34. Qe2 Rc3
35. Red1 Rdc8 36. Rxd4 1-0

[Event "TCh-CHN 2017"]
[Site "China CHN"]
[Date "2017.05.25"]
[Round "7.2"]
[Board "2"]
[White "Wen, Yang"]
[Black "Yu, Ruiyuan"]
[Result "1-0"]
[WhiteTitle "GM"]
[BlackTitle "GM"]
[WhiteElo "2605"]
[BlackElo "2499"]
[WhiteTeam "Shandong"]
[BlackTeam "Jiangsu"]
[WhiteFideId "8602956"]
[BlackFideId "8603090"]
[EventDate "2017.04.18"]

1. e4 c6 2. d4 d5 3. exd5 cxd5 4. Nf3 Nc6 5. Ne5 e6 6. Bb5 Bd7 7. Nxd7 Qxd7 8.
c3 Bd6 9. O-O Nf6 10. Bd3 O-O 11. Nd2 a6 12. a4 Rab8 13. f4 Qc7 14. g3 Na5 15.
Qe2 Rfc8 16. Ra2 Nc4 17. b3 Nxd2 18. Bxd2 Qc6 19. Re1 Re8 20. a5 Nd7 21. c4 dxc4
22. Be4 Qc7 23. bxc4 Be7 24. Bf3 Bf6 25. Be3 Rbc8 26. Rb2 Qxa5 27. Rxb7 Nb6 28.
c5 Nd5 29. Bf2 Qa4 30. Qd1 Qa5 31. Qe2 Qa4 32. Qd1 Qa5 33. f5 Rcd8 34. fxe6 fxe6
35. Bh5 Rf8 36. Bg4 Nc3 37. Bxe6+ Kh8 38. Qh5 Bxd4 39. Bxd4 Rxd4 40. Qe5 Ne2+
41. Rxe2 1-0

[Event "TCh-CHN 2017"]
[Site "China CHN"]
[Date "2017.05.25"]
[Round "7.2"]
[Board "3"]
[White "Zhao, Jun"]
[Black "Wei, Yi"]
[Result "1/2-1/2"]
[WhiteTitle "GM"]
[BlackTitle "GM"]
[WhiteElo "2604"]
[BlackElo "2743"]
[WhiteTeam "Shandong"]
[BlackTeam "Jiangsu"]
[WhiteFideId "8602522"]
[BlackFideId "8603405"]
[EventDate "2017.04.18"]

1. e4 e6 2. d4 d5 3. Nd2 c5 4. Ngf3 cxd4 5. Nxd4 Nf6 6. exd5 Nxd5 7. N2f3 Bb4+
8. Bd2 O-O 9. c4 Bxd2+ 10. Qxd2 Nf6 11. Be2 e5 12. Nc2 Nc6 13. O-O Bf5 14. Ne3
Be4 15. Qxd8 Rfxd8 16. Rfd1 Nd4 17. Nxd4 exd4 18. Ng4 Nxg4 19. Bxg4 d3 20. Rd2
Rd4 21. f3 Bg6 22. b3 a5 23. Kf2 a4 24. Rb1 axb3 25. axb3 Rd6 26. f4 Be4 27. Bf3
Re8 28. Bxe4 Rxe4 29. Kf3 f5 30. Rbd1 Red4 31. Ke3 Re4+ 32. Kf3 Red4 1/2-1/2

[Event "TCh-CHN 2017"]
[Site "China CHN"]
[Date "2017.05.25"]
[Round "7.2"]
[Board "4"]
[White "Guo, Qi"]
[Black "Zhang, Xiaowen"]
[Result "0-1"]
[WhiteTitle "IM"]
[BlackTitle "WGM"]
[WhiteElo "2396"]
[BlackElo "2332"]
[WhiteTeam "Jiangsu"]
[BlackTeam "Shandong"]
[WhiteFideId "8604002"]
[BlackFideId "8603219"]
[EventDate "2017.04.18"]

1. d4 d5 2. c4 e6 3. Nc3 Nf6 4. Bg5 Be7 5. Nf3 O-O 6. e3 h6 7. Bxf6 Bxf6 8. Qc2
Na6 9. Rd1 c5 10. dxc5 Qa5 11. cxd5 exd5 12. Nd4 Nxc5 13. Bd3 Bxd4 14. Bh7+ Kh8
15. Rxd4 f5 16. b4 Qa6 17. bxc5 Kxh7 18. Nxd5 Be6 19. Ra4 Qc6 20. Nf4 b5 21.
Nxe6 Qxg2 22. Nxf8+ Rxf8 23. Rf4 Qxh1+ 24. Ke2 Qc6 25. Rxf5 Qg6 26. e4 Qg4+ 27.
Ke3 Re8 28. Rd5 Qg1 29. Rd1 Qxh2 30. c6 Rf8 31. Rd7 Kh8 32. Rd5 Qf4+ 33. Kd4
Qf6+ 34. e5 Qh4+ 35. Kc5 Qe7+ 36. Kxb5 a6+ 37. Kc4 Rf4+ 38. Kd3 Qa3+ 39. Qb3
Rf3+ 40. Ke4 Rxb3 41. axb3 Qxb3 42. Rc5 Qb6 43. Kd5 Qc7 44. Rc1 h5 45. Rb1 Qa5+
46. Kd6 Qd8+ 47. Ke6 Qc7 48. Kd5 Qf7+ 49. Kc5 Qxf2+ 50. Kd6 Qd4+ 51. Kc7 Qxe5+
52. Kb6 Qb8+ 0-1

[Event "TCh-CHN 2017"]
[Site "China CHN"]
[Date "2017.05.25"]
[Round "7.3"]
[Board "1"]
[White "Xu, Xiangyu"]
[Black "Xu, Yi"]
[Result "1/2-1/2"]
[WhiteTitle "GM"]
[BlackTitle "IM"]
[WhiteElo "2549"]
[BlackElo "2482"]
[WhiteTeam "Chengdu"]
[BlackTeam "Shanghai"]
[WhiteFideId "8608288"]
[BlackFideId "8605564"]
[EventDate "2017.04.18"]

1. d4 Nf6 2. c4 e6 3. Nf3 d5 4. Nc3 Bb4 5. Bg5 h6 6. Bxf6 Qxf6 7. e3 O-O 8. Qb3
c5 9. cxd5 exd5 10. dxc5 Bxc3+ 11. Qxc3 Qxc3+ 12. bxc3 Be6 13. Nd4 Rc8 14. Bb5
Rxc5 15. Kd2 a6 16. Bd3 Rc7 17. Rhb1 Nd7 18. a4 Rac8 19. Ra3 Nc5 20. f3 Kf8 21.
a5 Ke7 22. Rb6 Nd7 23. Rb1 Nc5 24. Rb6 Nd7 25. Rb4 Nc5 26. Be2 g6 27. Ra1 Rd8
28. Rab1 Bc8 29. g4 Ne6 30. h4 Rc5 31. Nb3 Rc6 32. Nd4 Rc5 33. Nb3 Rc6 34. Rh1
Kf8 35. Nd4 Rc5 36. Nb3 Rc6 37. Bd3 Rdd6 38. Nd4 Rc5 39. Ra1 Rc7 40. Rbb1 Nc5
41. Rh1 b5 42. axb6 Rxb6 43. Rhb1 Rcb7 44. Rxb6 Rxb6 45. Ra5 Nxd3 46. Kxd3 Rd6
47. Nc2 Bd7 48. Nb4 Bb5+ 49. Kd4 Be2 50. f4 Re6 51. Nxd5 Bxg4 52. Rc5 Bf5 1/2-1/2

[Event "TCh-CHN 2017"]
[Site "China CHN"]
[Date "2017.05.25"]
[Round "7.3"]
[Board "2"]
[White "Li, Di"]
[Black "Ni, Hua"]
[Result "0-1"]
[WhiteTitle "IM"]
[BlackTitle "GM"]
[WhiteElo "2485"]
[BlackElo "2671"]
[WhiteTeam "Chengdu"]
[BlackTeam "Shanghai"]
[WhiteFideId "8607508"]
[BlackFideId "8601160"]
[EventDate "2017.04.18"]

1. d4 Nf6 2. c4 e6 3. Nf3 d5 4. Nc3 a6 5. cxd5 exd5 6. Bg5 Be6 7. e3 Nbd7 8. Bd3
Bd6 9. O-O c6 10. Qc2 Qc7 11. Rfe1 h6 12. Bxf6 Nxf6 13. e4 dxe4 14. Nxe4 Nxe4
15. Bxe4 O-O-O 16. Bf5 Bxf5 17. Qxf5+ Qd7 18. Qc2 Bc7 19. Qc5 Rhe8 20. a3 g5 21.
Rxe8 Rxe8 22. Re1 Rxe1+ 23. Nxe1 Qe6 24. Nc2 Qa2 25. Qc3 Qb1+ 26. Ne1 Qd1 27.
Kf1 Bb6 28. Qf3 Qxf3 29. Nxf3 g4 30. Ne5 f5 31. Nc4 Bxd4 32. Nd6+ Kd7 33. Nxf5
Bxb2 34. Nxh6 Bxa3 35. Nxg4 Bb2 36. Ke2 a5 37. Kd3 a4 38. Kc2 Bd4 39. Ne3 b5 40.
Kd3 c5 0-1

[Event "TCh-CHN 2017"]
[Site "China CHN"]
[Date "2017.05.25"]
[Round "7.3"]
[Board "3"]
[White "Liu, Guanchu"]
[Black "Lou, Yiping"]
[Result "1/2-1/2"]
[WhiteTitle "IM"]
[BlackTitle "IM"]
[WhiteElo "2462"]
[BlackElo "2462"]
[WhiteTeam "Chengdu"]
[BlackTeam "Shanghai"]
[WhiteFideId "8603901"]
[BlackFideId "8603928"]
[EventDate "2017.04.18"]

1. e4 e6 2. d4 d5 3. exd5 exd5 4. Nf3 Nf6 5. Bd3 Bd6 6. Qe2+ Qe7 7. Qxe7+ Kxe7
8. O-O Re8 9. Nc3 c6 10. Re1+ Kf8 11. Rxe8+ Kxe8 12. Bd2 h6 13. Re1+ Kf8 14. Ne5
Nbd7 15. f4 Ne8 16. Ne2 Nc7 17. Ng3 Nf6 18. h3 c5 19. dxc5 Bxc5+ 20. Kh2 a5 21.
Nf5 b6 22. g4 Ne6 23. a3 Kg8 24. b4 Bf8 25. Nc6 axb4 26. axb4 Bb7 27. Nfe7+ Bxe7
28. Nxe7+ Kf8 29. Ng6+ Kg8 30. Ne7+ Kf8 31. Nf5 Rd8 32. Ra1 d4 33. Ng3 g5 34.
fxg5 Nxg5 35. Bxg5 hxg5 36. Ra7 Bc8 37. Bf5 Bxf5 38. Nxf5 Nd5 39. Nxd4 1/2-1/2

[Event "TCh-CHN 2017"]
[Site "China CHN"]
[Date "2017.05.25"]
[Round "7.3"]
[Board "4"]
[White "Ni, Shiqun"]
[Black "Ren, Xiaoyi"]
[Result "1/2-1/2"]
[WhiteTitle "WGM"]
[WhiteElo "2441"]
[BlackElo "2254"]
[WhiteTeam "Shanghai"]
[BlackTeam "Chengdu"]
[WhiteFideId "8608466"]
[BlackFideId "8608709"]
[EventDate "2017.04.18"]

1. e4 e5 2. Nf3 d6 3. d4 exd4 4. Nxd4 Nf6 5. Nc3 Be7 6. g3 Bg4 7. f3 Bd7 8. Bg2
Nc6 9. Nde2 O-O 10. O-O Qc8 11. Nf4 Ne5 12. b3 Re8 13. Bb2 Bf8 14. a4 c6 15. Qd2
Qc7 16. Nce2 Rad8 17. Kh1 d5 18. exd5 Nxd5 19. Nxd5 cxd5 20. Nd4 Qc8 21. Rae1
Bh3 22. Re2 Bxg2+ 23. Kxg2 Nc6 24. Rfe1 h6 25. Bc3 Nxd4 26. Qxd4 a6 27. Bb2
Rxe2+ 28. Rxe2 Re8 29. Rxe8 Qxe8 30. Qd2 Qe6 31. Bd4 Be7 32. Qd3 Bb4 33. Qe3 Qf5 1/2-1/2

[Event "TCh-CHN 2017"]
[Site "China CHN"]
[Date "2017.05.25"]
[Round "7.3"]
[Board "5"]
[White "Ju, Wenjun"]
[Black "Cornette, Deimante"]
[Result "1-0"]
[WhiteTitle "GM"]
[BlackTitle "IM"]
[WhiteElo "2567"]
[BlackElo "2439"]
[WhiteTeam "Shanghai"]
[BlackTeam "Chengdu"]
[WhiteFideId "8603006"]
[BlackFideId "12802859"]
[EventDate "2017.04.18"]

1. d4 d5 2. c4 e6 3. Nf3 Nf6 4. g3 dxc4 5. Bg2 Bd7 6. Ne5 Bc6 7. Nxc6 Nxc6 8. e3
Qd7 9. O-O Rd8 10. Qe2 e5 11. Qxc4 exd4 12. Qb5 Rb8 13. Rd1 a6 14. Qf1 Be7 15.
Nc3 O-O 16. exd4 Nxd4 17. Bf4 Rbd8 18. Bxb7 a5 19. Bg2 c5 20. Qa6 a4 21. Qc4 Qg4
22. h3 Qh5 23. Qxa4 Nf3+ 24. Bxf3 Qxf3 25. Rxd8 Rxd8 26. Rd1 Rxd1+ 27. Qxd1 Qb7
28. Qe2 h6 29. a4 Bd8 30. Qb5 Qa7 31. Be3 Be7 32. a5 Nd7 33. a6 Bd8 34. Bf4 1-0

[Event "TCh-CHN 2017"]
[Site "China CHN"]
[Date "2017.05.25"]
[Round "7.4"]
[Board "1"]
[White "Gordievsky, Dmitry"]
[Black "Gao, Rui"]
[Result "1/2-1/2"]
[WhiteTitle "GM"]
[BlackTitle "GM"]
[WhiteElo "2610"]
[BlackElo "2546"]
[WhiteTeam "Zhejiang"]
[BlackTeam "Hangzhou"]
[WhiteFideId "24112798"]
[BlackFideId "8602387"]
[EventDate "2017.04.18"]

1. d4 d5 2. Nf3 Nf6 3. c4 c6 4. e3 e6 5. Bd3 Nbd7 6. O-O dxc4 7. Bxc4 Bd6 8. Bb3
O-O 9. Nbd2 c5 10. Qe2 Be7 11. Ne5 Qc7 12. f4 a5 13. Bc4 Nb6 14. Bb5 Bd7 15.
Nxd7 Nbxd7 16. a4 Rad8 17. Kh1 cxd4 18. exd4 Nb6 19. Nf3 Nbd5 20. Ne5 Qb6 21.
Nc4 Qxd4 22. Nxa5 Qa7 23. Nc4 Nc7 24. Be3 Bc5 25. Bd2 Nxb5 26. axb5 Qb8 27. Bc3
Bd4 28. Ne5 Bxc3 29. bxc3 Qc7 30. c4 Nd7 31. Nxd7 Rxd7 32. Rac1 1/2-1/2

[Event "TCh-CHN 2017"]
[Site "China CHN"]
[Date "2017.05.25"]
[Round "7.4"]
[Board "3"]
[White "Lu, Shanglei"]
[Black "Bai, Jinshi"]
[Result "1-0"]
[WhiteTitle "GM"]
[BlackTitle "GM"]
[WhiteElo "2641"]
[BlackElo "2556"]
[WhiteTeam "Zhejiang"]
[BlackTeam "Hangzhou"]
[WhiteFideId "8603332"]
[BlackFideId "8602280"]
[EventDate "2017.04.18"]

1. e4 e5 2. Bc4 Nf6 3. d3 c6 4. Nf3 d5 5. Bb3 a5 6. a4 Bb4+ 7. c3 Bd6 8. exd5
cxd5 9. Bg5 Be6 10. Na3 Nbd7 11. Nb5 Bb8 12. O-O O-O 13. Re1 Re8 14. Bh4 Ra6 15.
Nd2 Nc5 16. Bc2 Bd7 17. Nf1 Ne6 18. d4 e4 19. c4 dxc4 20. Bxe4 g5 21. Bg3 Bxg3
22. Nxg3 Bxb5 23. axb5 Rd6 24. Nf5 Nxe4 25. Rxe4 Rd5 26. Qf3 Qf6 27. g4 Rxb5 28.
Rae1 Rf8 29. Re5 Rb3 30. Qd5 Rxb2 31. Rxe6 fxe6 32. Rxe6 Rb5 33. Qxc4 Rb4 34.
Qc7 Rb1+ 35. Kg2 Rc1 36. Qxb7 Rb1 37. Qd7 Rf7 38. Qd5 Rb5 39. Re8# 1-0

[Event "TCh-CHN 2017"]
[Site "China CHN"]
[Date "2017.05.25"]
[Round "7.4"]
[Board "4"]
[White "Dzagnidze, Nana"]
[Black "Zhu, Jiner"]
[Result "1/2-1/2"]
[WhiteTitle "GM"]
[WhiteElo "2522"]
[BlackElo "2324"]
[WhiteTeam "Hangzhou"]
[BlackTeam "Zhejiang"]
[WhiteFideId "13601903"]
[BlackFideId "8608059"]
[EventDate "2017.04.18"]

1. c4 Nf6 2. Nf3 e6 3. g3 d5 4. Bg2 d4 5. O-O c5 6. e3 Nc6 7. exd4 cxd4 8. d3
Bd6 9. Bg5 h6 10. Bxf6 Qxf6 11. Nbd2 Qe7 12. a3 a5 13. Nb3 e5 14. Re1 Be6 15. c5
Bc7 16. Rc1 O-O 17. Nbd2 Rfe8 18. Nc4 Bd5 19. Qa4 Qd7 20. Nfd2 Bxg2 21. Kxg2 f5
22. f3 Qd5 23. Qb5 a4 24. Nb6 Bxb6 25. Qxb6 Re7 26. Qb5 Ra5 27. Qc4 Rd7 28. Kf2
Qxc4 29. Nxc4 Rxc5 30. Nb6 Rxc1 31. Rxc1 Re7 32. Nxa4 e4 33. dxe4 fxe4 34. fxe4
Rxe4 35. Nc5 Re7 36. Rd1 b6 37. Nb3 Re4 38. Nd2 Re6 39. Nf3 Rf6 40. Ke2 Re6+ 41.
Kd2 Rf6 42. Rc1 Rxf3 43. Rxc6 Rf2+ 44. Kc1 Rxh2 45. Rxb6 Rg2 46. Rb3 Kf7 47. a4
Ke6 48. a5 Kd5 49. Ra3 Rg1+ 50. Kc2 Rg2+ 51. Kb1 Rg1+ 52. Ka2 Re1 53. a6 Re8 54.
a7 Ra8 55. Kb3 Kc5 56. Kc2 Kb6 57. Kd3 Rxa7 58. Rxa7 Kxa7 59. Kxd4 h5 60. Ke5 g5
61. Kf5 h4 62. gxh4 gxh4 63. Kg4 Kb6 1/2-1/2

[Event "TCh-CHN 2017"]
[Site "China CHN"]
[Date "2017.05.25"]
[Round "7.4"]
[Board "5"]
[White "Gu, Tianlu"]
[Black "Ding, Yixin"]
[Result "1-0"]
[WhiteTitle "WIM"]
[BlackTitle "WGM"]
[WhiteElo "2197"]
[BlackElo "2424"]
[WhiteTeam "Hangzhou"]
[BlackTeam "Zhejiang"]
[WhiteFideId "8603995"]
[BlackFideId "8602972"]
[EventDate "2017.04.18"]

1. e4 c5 2. Nf3 d6 3. d4 cxd4 4. Nxd4 Nf6 5. Nc3 Nc6 6. Bg5 e6 7. Qd2 a6 8.
O-O-O Bd7 9. f4 b5 10. Bxf6 gxf6 11. Kb1 Qb6 12. Nxc6 Bxc6 13. Qe1 Be7 14. f5 b4
15. Ne2 e5 16. Nc1 Qb7 17. Nb3 a5 18. Nd2 d5 19. exd5 Bxd5 20. Bc4 Rg8 21. Bxd5
Qxd5 22. Ne4 Qc6 23. Qe2 Rc8 24. Rd2 Qc4 25. Qe3 Rg4 26. Re1 a4 27. h3 Rg8 28.
g4 a3 29. b3 Qc6 30. Red1 Kf8 31. Qh6+ Rg7 32. g5 fxg5 33. f6 Bxf6 34. Nxf6 Qc3
35. Rd8+ 1-0